Field effect transistors / (Record no. 181953)

000 -LEADER
fixed length control field 00496 a2200181 4500
003 - CONTROL NUMBER IDENTIFIER
control field Nust
005 - DATE AND TIME OF LATEST TRANSACTION
control field 20251015114051.0
040 ## - CATALOGING SOURCE
Transcribing agency Nust
082 ## - DEWEY DECIMAL CLASSIFICATION NUMBER
Classification number 621.382
100 ## - MAIN ENTRY--PERSONAL NAME
Personal name Hussain, Maj Azadar (TE-16)
9 (RLIN) 131131
245 ## - TITLE STATEMENT
Title Field effect transistors /
Statement of responsibility, etc. Maj Azadar Hussain & Capt Mansoor Rashid & Capt Afzal Hussain
260 ## - PUBLICATION, DISTRIBUTION, ETC.
Place of publication, distribution, etc. MCS
Name of publisher, distributor, etc. UET, Lahore
Date of publication, distribution, etc. 1984
300 ## - PHYSICAL DESCRIPTION
Extent 30 ,p.;
538 ## - SYSTEM DETAILS NOTE
System details note T2 and Shelf No 3
650 ## - SUBJECT ADDED ENTRY--TOPICAL TERM
Topical term or geographic name entry element UG Project
9 (RLIN) 131132
651 ## - SUBJECT ADDED ENTRY--GEOGRAPHIC NAME
Geographic name TE-16
9 (RLIN) 131111
942 ## - ADDED ENTRY ELEMENTS (KOHA)
Koha item type Project Report
Source of classification or shelving scheme
Holdings
Withdrawn status Lost status Source of classification or shelving scheme Damaged status Not for loan Permanent Location Current Location Shelving location Date acquired Full call number Barcode Date last seen Price effective from Koha item type Public note
          Military College of Signals (MCS) Military College of Signals (MCS) Reference 12/12/2016 621.382,HUS MCSPTE-10 12/08/2016 12/12/2016 Project Report Almirah No.90, Shelf No.1
© 2023 Central Library, National University of Sciences and Technology. All Rights Reserved.